01017nam a2200205 a 450000100100000000500170001000800410002702000130006804000250008124500980010626000950020430000300029950001490032954600550047870000400053371000470057371000690062095201050068999900170079400003922420201002031542.0130611s1981 sp 001 0 spa d a74880432 aDO-SdBNPbspacBNPHU00aTextos y estudios sobre astronomía española en el siglo XIII /ceditados por Juan Vernet. aBarcelona :bFacultad de Filosofía y Letras, Universidad Autónoma de Barcelona,c1981. a323 p. ; :bil. ;c26 cm. aA la parte superior de la portada: Instituto de Filología. Institución Milá y Fontanals. Consejo Superior de Investigaciones Científicas aTextos en castellano, llatí, àrabe i catalàn1 aVernet, Juand1923-2011eed.9654302 aUniversidad Autónoma de Barcelona9654312 aInstitució Milà i FontanalsbInstituto de Filología965432 001050718MOaGRbGRcCTd2013-06-11iLF1l0o p39224-10r2020-06-25w2020-06-25y1ZNo se presta c38714d38714